Llwytho...

G.Sankarapilla

Manylion Llyfryddiaeth
Prif Awdur: Dr.Vilkkudi Rajendran
Fformat: Printed Book
Cyhoeddwyd: Thiruvananthapuram: The state institute of language; 2013.
Pynciau:
LEADER 00463nam a22001457a 4500
020 |a 9788176384599 
082 |a 920  |b VIL/S 
100 |a Dr.Vilkkudi Rajendran 
245 |a G.Sankarapilla 
260 |a Thiruvananthapuram:  |b The state institute of language;  |c 2013. 
300 |a 96p. 
650 |a Biography 
942 |c BK 
999 |c 316138  |d 316138 
952 |0 0  |1 0  |4 0  |6 920_000000000000000_VIL_S  |7 0  |9 338140  |a ARA  |b ARA  |d 2020-12-02  |l 0  |o 920 VIL/S  |p ARA7886  |r 2020-12-02  |w 2020-12-02  |y BK